| 000 | 00709nam a22001577a 4500 | ||
|---|---|---|---|
| 003 | OSt | ||
| 005 | 20151105155929.0 | ||
| 008 | 151105b xxu||||| |||| 00| 0 eng d | ||
| 040 | _cRUA | ||
| 082 | _aAGR THU 2004 B030 Or.1 | ||
| 100 |
_93416 _aTHUOH HENG VANN |
||
| 245 | _acomparing varieties of lettuce in dry season 2004 at prek leap national school of agriculture; ការប្រៀបធៀបពូជដំណាំសាលាដក្នុងលក្ខខណ្ឌរដូវប្រំាងឆ្នំា ២០០៤ នៅសាលាជាតិកសិកម្មព្រែកលៀប | ||
| 260 |
_aPhnom Penh _bRUA _c2004 |
||
| 300 |
_ax; 46p. _bill. _c29cm. |
||
| 942 |
_2ddc _cFOR |
||
| 999 |
_c3187 _d3187 |
||